[Event "NWFD Ch 2019 Men"]
[Site "St. Petersburg"]
[Date "2019.03.11"]
[Round "5.1"]
[White "Nesterov, Arseniy"]
[Black "Samojlov, Anton"]
[Result "1-0"]
[WhiteElo "2412"]
[BlackElo "2332"]
[PlyCount "87"]
[EventDate "2019.03.07"]

1. d4 Nf6 2. c4 e6 3. Nf3 b6 4. a3 Ba6 5. Qc2 Bb7 6. Nc3 c5 7. dxc5 bxc5 8. Bg5
Qa5 9. Bxf6 gxf6 10. e3 Nc6 11. O-O-O Be7 12. Nb5 a6 13. Nd6+ Bxd6 14. Rxd6 Ke7
15. Rd2 Qb6 16. Qd3 Qc7 17. Be2 Na5 18. Rhd1 Bc6 19. b4 cxb4 20. axb4 Nb7 21.
Nd4 Bxg2 22. Bh5 Nd6 23. Nc2 Bd5 24. cxd5 e5 25. f4 a5 26. fxe5 fxe5 27. b5
Rhb8 28. Rf1 Rxb5 29. Rxf7+ Nxf7 30. Qxb5 Nd6 31. Qa4 Qc4 32. Qxc4 Nxc4 33. Rg2
Rc8 34. Kb1 Rb8+ 35. Ka1 Kd6 36. Rg7 Nb6 37. Rxh7 Nxd5 38. Bg4 Nc3 39. Na3 Rb3
40. Nc4+ Kc5 41. Nd2 Ra3+ 42. Kb2 Kb4 43. Rxd7 Ra2+ 44. Kc1 1-0

[Event "NWFD Ch 2019 Men"]
[Site "St. Petersburg"]
[Date "2019.03.11"]
[Round "5.2"]
[White "Toivonen, Alexander V"]
[Black "Cherniaev, Alexander"]
[Result "1/2-1/2"]
[WhiteElo "2304"]
[BlackElo "2405"]
[PlyCount "68"]
[EventDate "2019.03.07"]

1. d4 Nf6 2. Nf3 g6 3. Bf4 Bg7 4. e3 O-O 5. h3 d6 6. Nbd2 Nfd7 7. Bc4 Nc6 8. c3
e5 9. dxe5 dxe5 10. Bg3 Qe7 11. O-O Kh8 12. a4 f5 13. Bh4 Qe8 14. e4 f4 15. Nh2
Nb6 16. Bb3 g5 17. Bxg5 Qg6 18. a5 Qxg5 19. axb6 Bxh3 20. Qf3 Bd7 21. Qd3 Qe7
22. bxc7 Rac8 23. Nc4 Be6 24. Na5 Bxb3 25. Nxb3 Rxc7 26. Rfd1 Rg8 27. Qd6 Qf7
28. Ng4 h5 29. Nh6 Bxh6 30. Qxh6+ Qh7 31. Qxh7+ Kxh7 32. Kh2 Rcg7 33. Rg1 Rd8
34. Rgd1 Rdg8 1/2-1/2

[Event "NWFD Ch 2019 Men"]
[Site "St. Petersburg"]
[Date "2019.03.11"]
[Round "5.3"]
[White "Rozum, Ivan"]
[Black "Mironov, Vadim"]
[Result "1-0"]
[WhiteElo "2573"]
[BlackElo "2181"]
[PlyCount "115"]
[EventDate "2019.03.07"]

1. c4 Nf6 2. Nc3 g6 3. g3 Bg7 4. Bg2 O-O 5. d4 d6 6. Nf3 Nbd7 7. O-O e5 8. b3
c6 9. Ba3 exd4 10. Nxd4 Qa5 11. Qc1 Qc7 12. Rd1 Re8 13. Qc2 Nc5 14. Rd2 Bd7 15.
Rad1 Rad8 16. h3 h5 17. e3 Qc8 18. Kh2 Qc7 19. b4 Ne6 20. Nf3 Bc8 21. Bb2 Nf8
22. b5 Ne6 23. bxc6 bxc6 24. Na4 Ba6 25. Kg1 Rd7 26. Nd4 Nxd4 27. Bxd4 Red8 28.
Qc3 Ne8 29. h4 c5 30. Bxg7 Nxg7 31. Bd5 Bb7 32. Qf6 Bxd5 33. Rxd5 Ne8 34. Qf4
Qc6 35. Nc3 Nc7 36. R5d2 Kg7 37. Nd5 Nxd5 38. Rxd5 Qa4 39. R1d2 Qb4 40. g4 hxg4
41. h5 Rh8 42. Qxg4 Rdd8 43. hxg6 fxg6 44. Kg2 Qb7 45. Qg5 Rhe8 46. e4 Qf7 47.
f3 Rf8 48. Qg3 Qe6 49. Rxd6 Rxd6 50. Rxd6 Qf7 51. Rd5 Qf6 52. Rxc5 Qb2+ 53. Qf2
Qb8 54. Rb5 Qf4 55. Qxa7+ Kh6 56. Qf2 g5 57. Rd5 Qc1 58. Qd2 1-0

[Event "NWFD Ch 2019 Men"]
[Site "St. Petersburg"]
[Date "2019.03.11"]
[Round "5.4"]
[White "Gogolev, Artem"]
[Black "Semenenko, Sergey"]
[Result "1/2-1/2"]
[WhiteElo "2388"]
[BlackElo "2143"]
[PlyCount "97"]
[EventDate "2019.03.07"]

1. c4 Nf6 2. Nc3 c5 3. Nf3 e6 4. g3 b6 5. Bg2 Bb7 6. O-O Be7 7. d4 cxd4 8. Qxd4
d6 9. Bg5 a6 10. Bxf6 Bxf6 11. Qd3 Ra7 12. Rfd1 Bxf3 13. Bxf3 Rd7 14. h4 O-O
15. Rac1 Qc7 16. b3 Bxc3 17. Qxc3 Nc6 18. Bxc6 Qxc6 19. Rd4 h5 20. Qd2 Rfd8 21.
a4 a5 22. Rd1 Qc5 23. e4 Kf8 24. Kh2 Ke7 25. Qe2 g6 26. R1d2 Qb4 27. R4d3 Qc5
28. f4 Rf8 29. Qf3 Qc6 30. Rd4 Rfd8 31. Qd3 Qc5 32. Qf3 Qc6 33. Qd1 Qc5 34. Qe2
Rf8 35. R4d3 Rfd8 36. Rd1 Rf8 37. Rf1 Rdd8 38. f5 Qe5 39. Qf3 Qb2+ 40. Kh3 Qe5
41. Rd2 Kd7 42. Rdf2 Kc7 43. fxg6 fxg6 44. Qxf8 Rxf8 45. Rxf8 Kc6 46. Rc8+ Kb7
47. Rd8 Qxe4 48. Rxd6 Kc7 49. Rd3 1/2-1/2

[Event "NWFD Ch 2019 Men"]
[Site "St. Petersburg"]
[Date "2019.03.11"]
[Round "5.5"]
[White "Rudenko, Naum"]
[Black "Makarov, Leonid"]
[Result "1-0"]
[WhiteElo "2231"]
[BlackElo "2097"]
[PlyCount "117"]
[EventDate "2019.03.07"]

1. e4 c5 2. Nf3 g6 3. d4 cxd4 4. Nxd4 Bg7 5. Nc3 Nc6 6. Be3 Nf6 7. Nxc6 bxc6 8.
e5 Ng8 9. Bd4 f6 10. exf6 Nxf6 11. Bc4 d5 12. Bb3 O-O 13. O-O Qd6 14. Bxf6 Bxf6
15. Nxd5 cxd5 16. Qxd5+ Qxd5 17. Bxd5+ Kg7 18. Bxa8 Ba6 19. Bd5 Bxf1 20. Kxf1
Bxb2 21. Rb1 Bd4 22. f3 Rc8 23. Bb3 g5 24. Re1 e5 25. Ke2 Rc3 26. Rd1 h5 27.
Rd3 Rc7 28. Kd2 Kf6 29. c3 Bc5 30. Rd5 g4 31. Bd1 Kf5 32. Rd8 gxf3 33. Bxf3 h4
34. Kd3 Be7 35. Rd5 Kf4 36. h3 Bc5 37. c4 a5 38. Rd8 Be7 39. Rg8 Rd7+ 40. Bd5
e4+ 41. Ke2 Bg5 42. Bxe4 Kxe4 43. Rxg5 Kd4 44. Rxa5 Kxc4 45. Ra4+ Kc3 46. Rxh4
Rd2+ 47. Kf3 Rxa2 48. Re4 Kd3 49. Re8 Ra4 50. g4 Ra1 51. g5 Rh1 52. Kg4 Kd4 53.
h4 Kd5 54. g6 Kd6 55. Kg5 Kd7 56. Re2 Kd6 57. g7 Kd7 58. Re4 Rg1+ 59. Rg4 1-0

[Event "NWFD Ch 2019 Men"]
[Site "St. Petersburg"]
[Date "2019.03.11"]
[Round "5.6"]
[White "Zaykov, Sergey"]
[Black "Osoblivi, Grigory"]
[Result "0-1"]
[WhiteElo "2138"]
[BlackElo "2222"]
[PlyCount "74"]
[EventDate "2019.03.07"]

1. Nf3 d5 2. e3 Bg4 3. c4 Bxf3 4. Qxf3 e6 5. Nc3 Nf6 6. d4 c6 7. Bd3 Bd6 8. O-O
O-O 9. e4 dxc4 10. Bxc4 e5 11. dxe5 Bxe5 12. Qe2 Qe7 13. Re1 Nbd7 14. f4 Bd4+
15. Kh1 h5 16. g3 Rfe8 17. e5 Qc5 18. Bd3 Nxe5 19. fxe5 Rxe5 20. Qf1 Rxe1 21.
Qxe1 Re8 22. Qf1 Ng4 23. Bd2 Nf2+ 24. Kg2 h4 25. h3 Qd6 26. Bf4 Qd7 27. g4 g5
28. Bf5 Qe7 29. Bh2 Qe3 30. Kg1 Nxh3+ 31. Kh1 Nf2+ 32. Kg1 h3 33. Bc7 Nxg4+ 34.
Kh1 Nf2+ 35. Kh2 Be5+ 36. Bxe5 Qxe5+ 37. Kg1 Qg3+ 0-1

[Event "NWFD Ch 2019 Men"]
[Site "St. Petersburg"]
[Date "2019.03.11"]
[Round "5.7"]
[White "Shpak, Alexandr"]
[Black "Solozhenkin, Evgeniy"]
[Result "1/2-1/2"]
[WhiteElo "2141"]
[BlackElo "2460"]
[PlyCount "108"]
[EventDate "2019.03.07"]

1. e4 c5 2. Nf3 d6 3. d4 cxd4 4. Nxd4 Nf6 5. Nc3 a6 6. Bg5 e6 7. f4 h6 8. Bh4
Qb6 9. Qd2 Qxb2 10. Rb1 Qa3 11. f5 Be7 12. fxe6 fxe6 13. Bc4 Nxe4 14. Nxe4
Bxh4+ 15. g3 Bg5 16. Nxg5 hxg5 17. Rb3 Qc5 18. Bxe6 Nc6 19. Bxc8 Nxd4 20. Rc3
Qe5+ 21. Kd1 O-O 22. Re1 Qb5 23. Qxd4 Raxc8 24. Re7 Qf1+ 25. Re1 Qf7 26. a4
Rxc3 27. Qxc3 Qa2 28. Re7 Qd5+ 29. Kc1 Rf7 30. Qc8+ Kh7 31. Qh3+ Kg6 32. Qe6+
Qxe6 33. Rxe6+ Rf6 34. Re7 b5 35. Ra7 bxa4 36. Rxa6 Kh5 37. Rxa4 Rf1+ 38. Kb2
Rh1 39. Rd4 Rxh2 40. Rxd6 Rg2 41. Rd3 Kg4 42. Rd7 g6 43. Rd6 Kxg3 44. Rxg6 g4
45. Kb3 Kf4 46. c4 g3 47. Kb4 Re2 48. c5 g2 49. c6 Re4+ 50. Kb5 Re5+ 51. Kb6
Rg5 52. Rxg5 Kxg5 53. c7 g1=Q+ 54. Kb7 Qg2+ 1/2-1/2

[Event "NWFD Ch 2019 Men"]
[Site "St. Petersburg"]
[Date "2019.03.11"]
[Round "5.8"]
[White "Zhuravlev, Aleksandr"]
[Black "Cherepanov, Vladislav"]
[Result "0-1"]
[WhiteElo "2021"]
[BlackElo "2302"]
[PlyCount "48"]
[EventDate "2019.03.07"]

1. d4 d5 2. c4 e6 3. Nc3 a6 4. cxd5 exd5 5. Nf3 c6 6. Bg5 f6 7. Bf4 Bd6 8. Bxd6
Qxd6 9. e4 dxe4 10. Nxe4 Qe6 11. Qc2 f5 12. Ne5 fxe4 13. Bc4 Qe7 14. O-O-O Nf6
15. Rhe1 Be6 16. Qb3 Bxc4 17. Nxc4 Nbd7 18. d5 cxd5 19. Rxd5 Rc8 20. Kb1 Rxc4
21. Qxc4 Nb6 22. Qc2 Nbxd5 23. Qc8+ Qd8 24. Qe6+ Ne7 0-1

[Event "NWFD Ch 2019 Men"]
[Site "St. Petersburg"]
[Date "2019.03.11"]
[Round "5.9"]
[White "Gashev, Matvei"]
[Black "Suleymanyants, Odisey"]
[Result "0-1"]
[WhiteElo "1806"]
[BlackElo "2259"]
[PlyCount "78"]
[EventDate "2019.03.07"]

1. d4 Nf6 2. c4 e6 3. Nf3 d5 4. g3 Be7 5. Bg2 O-O 6. O-O Nbd7 7. cxd5 exd5 8.
Nc3 c6 9. Qc2 Re8 10. Bf4 Nf8 11. Ne5 Be6 12. Rab1 Qb6 13. Rfd1 Ng6 14. b4 Nxe5
15. Bxe5 Nd7 16. Na4 Qd8 17. Bf4 b5 18. Nc5 Nxc5 19. dxc5 a5 20. a4 Qc8 21. e4
axb4 22. axb5 cxb5 23. Rxb4 dxe4 24. Rxb5 Bd7 25. Rb2 Ba4 26. Qxe4 Bxd1 27.
Qxa8 Qxa8 28. Bxa8 Rxa8 29. c6 Bf3 30. Rc2 Rc8 31. c7 Kf8 32. Rc3 Bg4 33. f3
Be6 34. Be5 f6 35. Bd4 Bd6 36. Bb6 Ke7 37. Ba5 Kd7 38. Rd3 Kc6 39. Rc3+ Kb5 0-1

[Event "NWFD Ch 2019 Men"]
[Site "St. Petersburg"]
[Date "2019.03.11"]
[Round "5.10"]
[White "Osetrov, Dmitrij"]
[Black "Petrushev, Nikita"]
[Result "0-1"]
[WhiteElo "1775"]
[BlackElo "2238"]
[PlyCount "84"]
[EventDate "2019.03.07"]

1. d4 Nf6 2. c4 g6 3. Nf3 Bg7 4. Nc3 d5 5. Qb3 dxc4 6. Qxc4 O-O 7. e4 Nfd7 8.
Bf4 Na6 9. Rd1 Nb6 10. Qb3 Bg4 11. d5 Bxf3 12. gxf3 Nc5 13. Qb5 Ncd7 14. Be2 a6
15. Qb3 Ne5 16. Be3 Qc8 17. h3 Ned7 18. f4 Qe8 19. e5 e6 20. d6 Qd8 21. a4 cxd6
22. Bxb6 Qxb6 23. Qxb6 Nxb6 24. Rxd6 Nc8 25. Rd7 f6 26. Bc4 fxe5 27. Bxe6+ Kh8
28. f5 gxf5 29. Rg1 Bh6 30. Nd5 b5 31. Nc7 Ra7 32. h4 Nb6 33. Rf7 Rxf7 34. Bxf7
Bg7 35. Nd5 Rxf7 36. Nxb6 Rb7 37. a5 e4 38. Ke2 Bxb2 39. Nd5 Rd7 40. Ne3 f4 41.
Nf5 Bc3 42. Nh6 Rd2+ 0-1

[Event "NWFD Ch 2019 Men"]
[Site "St. Petersburg"]
[Date "2019.03.11"]
[Round "5.11"]
[White "Nekipelov, Dimitry"]
[Black "Arkhipov, Vladislav"]
[Result "1-0"]
[WhiteElo "2197"]
[BlackElo "2019"]
[PlyCount "89"]
[EventDate "2019.03.07"]

1. d4 d5 2. c4 dxc4 3. Nf3 Nf6 4. Qa4+ Nbd7 5. g3 g6 6. Bg2 Bg7 7. Nc3 O-O 8.
Qxc4 Nb6 9. Qd3 Nfd5 10. O-O Nb4 11. Qd1 Bf5 12. Bf4 c6 13. Be5 Bc2 14. Qc1
Bxe5 15. dxe5 Bf5 16. Qh6 f6 17. exf6 exf6 18. Nh4 Bc2 19. Rac1 g5 20. a3 gxh4
21. Qxh4 Qe7 22. axb4 Bg6 23. Rfe1 Rad8 24. b5 c5 25. Rcd1 Kh8 26. Ra1 Rd4 27.
e4 Nc4 28. Nd5 Qe5 29. Nf4 Kg8 30. Qg4 Kf7 31. Rxa7 Nd6 32. Qd7+ Qe7 33. Qxe7+
Kxe7 34. e5 fxe5 35. Rxe5+ Kf6 36. Re6+ Kf7 37. Bxb7 Nxb5 38. Raa6 Rd1+ 39. Kg2
Rb8 40. Bf3 Rd2 41. Nxg6 hxg6 42. Rxg6 Nc7 43. Rab6 Rxb2 44. Rxb8 Rxb8 45. Rc6
1-0

[Event "NWFD Ch 2019 Men"]
[Site "St. Petersburg"]
[Date "2019.03.11"]
[Round "5.12"]
[White "Zasypkin, Alexey"]
[Black "Napalkov, Vladimir"]
[Result "1/2-1/2"]
[WhiteElo "2184"]
[BlackElo "2034"]
[PlyCount "89"]
[EventDate "2019.03.07"]

1. d4 d5 2. Nf3 Nf6 3. g3 e6 4. c4 dxc4 5. Qa4+ Nbd7 6. Bg2 a6 7. Qxc4 b5 8.
Qc2 Bb7 9. a4 c5 10. O-O Be7 11. Bg5 Rc8 12. axb5 axb5 13. Qb3 b4 14. dxc5 Bxc5
15. Nbd2 O-O 16. e4 h6 17. Be3 Bxe3 18. Qxe3 Qb6 19. Qe2 Rc2 20. Qd3 Rfc8 21.
e5 Nd5 22. Rfe1 Rxb2 23. Rec1 Rc3 24. Rxc3 bxc3 25. Ne4 c2 26. Rc1 Qc7 27. Ned2
Qc3 28. Qxc3 Nxc3 29. Nd4 Bxg2 30. Kxg2 Nxe5 31. Rxc2 Rxc2 32. Nxc2 g5 33. Nd4
Kg7 34. Nf1 Nd5 35. Nd2 Ng6 36. Ne4 Nge7 37. Nf3 Nc6 38. Nc5 e5 39. g4 f6 40.
h4 Kf7 41. hxg5 hxg5 42. Kg3 Ke7 43. Ne4 Nd4 44. Nfd2 Nf4 45. Nc4 1/2-1/2

[Event "NWFD Ch 2019 Men"]
[Site "St. Petersburg"]
[Date "2019.03.11"]
[Round "5.13"]
[White "Radkov, Bazhen D"]
[Black "Rumiantsev, Rafail"]
[Result "1-0"]
[WhiteElo "2150"]
[BlackElo "1982"]
[PlyCount "63"]
[EventDate "2019.03.07"]

1. d4 Nf6 2. Nf3 e6 3. c4 b6 4. e3 Bb7 5. Nc3 d5 6. cxd5 Nxd5 7. Bb5+ c6 8. Bd3
Be7 9. O-O O-O 10. e4 Nb4 11. Bc4 c5 12. d5 exd5 13. exd5 a6 14. a4 Bf6 15. d6
N8c6 16. Bf4 Na5 17. Bd5 Nbc6 18. Ne4 Ra7 19. Bg5 Bxg5 20. Nfxg5 g6 21. Qf3 Ne5
22. Qh3 h5 23. Bxb7 Rxb7 24. Qc3 Nac6 25. Rfe1 Re8 26. f4 f5 27. fxe5 fxe4 28.
Qc4+ Kh8 29. Nf7+ Rxf7 30. Qxf7 Nxe5 31. Qd5 Qg5 32. Qxe4 1-0

[Event "NWFD Ch 2019 Men"]
[Site "St. Petersburg"]
[Date "2019.03.11"]
[Round "5.14"]
[White "Maslyakov, Ivan"]
[Black "Ufimtsev, Egor"]
[Result "0-1"]
[WhiteElo "1741"]
[BlackElo "2148"]
[PlyCount "50"]
[EventDate "2019.03.07"]

1. e4 c5 2. Nc3 a6 3. a4 e6 4. f4 d5 5. e5 Nc6 6. Nf3 g6 7. d4 Nh6 8. Ne2 Nf5
9. c3 cxd4 10. cxd4 Qb6 11. Qd3 h5 12. g3 Na5 13. Bd2 Bd7 14. Bxa5 Qxa5+ 15.
Kf2 Bb4 16. Nc1 Rc8 17. Nb3 Qb6 18. Be2 Ke7 19. a5 Qa7 20. Rhc1 Bb5 21. Qd1 Rc4
22. Bxc4 dxc4 23. Nc5 Nxd4 24. Ne4 Nc2+ 25. Kg2 Ne3+ 0-1

[Event "NWFD Ch 2019 Men"]
[Site "St. Petersburg"]
[Date "2019.03.11"]
[Round "5.15"]
[White "Krasovskiy, Sviatoslav"]
[Black "Lvov, Nikita"]
[Result "1/2-1/2"]
[WhiteElo "2145"]
[BlackElo "1936"]
[PlyCount "60"]
[EventDate "2019.03.07"]

1. c4 c5 2. Nc3 g6 3. g3 Bg7 4. Bg2 Nc6 5. Nf3 e5 6. d3 Nge7 7. O-O d6 8. a3
O-O 9. Rb1 a5 10. Bd2 h6 11. Ne1 Be6 12. Nd5 a4 13. Nxe7+ Qxe7 14. Nc2 Qd7 15.
Ne3 Ne7 16. Bc3 d5 17. cxd5 Nxd5 18. Nxd5 Bxd5 19. Bxd5 Qxd5 20. b3 e4 21. Bxg7
Kxg7 22. bxa4 exd3 23. exd3 Rfb8 24. Re1 b5 25. axb5 Rxa3 26. Qe2 Rxd3 27. b6
c4 28. Qe5+ Qxe5 29. Rxe5 Rd6 30. Rc5 Rdxb6 1/2-1/2

[Event "NWFD Ch 2019 Men"]
[Site "St. Petersburg"]
[Date "2019.03.11"]
[Round "5.16"]
[White "Skuratovich, Yakov"]
[Black "Kuznetsov, Mikhail"]
[Result "1-0"]
[WhiteElo "2101"]
[BlackElo "1895"]
[PlyCount "49"]
[EventDate "2019.03.07"]

1. e4 c5 2. Nf3 d6 3. Bb5+ Bd7 4. Bxd7+ Qxd7 5. c4 f5 6. exf5 Qxf5 7. O-O Nc6
8. d4 cxd4 9. Nxd4 Nxd4 10. Qxd4 Nf6 11. Nc3 g6 12. Nd5 e5 13. Nxf6+ Qxf6 14.
Qe4 Qe7 15. Be3 Qd7 16. Rad1 Qc6 17. Qg4 Qc8 18. Qf3 Be7 19. c5 Rf8 20. Qd5
dxc5 21. Bh6 Rf5 22. Qg8+ Bf8 23. Rfe1 Qc7 24. Rd5 Qe7 25. g4 1-0

[Event "NWFD Ch 2019 Men"]
[Site "St. Petersburg"]
[Date "2019.03.11"]
[Round "5.17"]
[White "Yarosh, Ruslan"]
[Black "Karalkin, Maksim"]
[Result "1/2-1/2"]
[WhiteElo "1977"]
[BlackElo "2174"]
[PlyCount "63"]
[EventDate "2019.03.07"]

1. e4 e5 2. Nf3 Nc6 3. Bb5 Nge7 4. O-O g6 5. c3 a6 6. Bxc6 Nxc6 7. d4 exd4 8.
cxd4 Bg7 9. Nc3 O-O 10. d5 Na5 11. Qd3 b5 12. Bf4 d6 13. Rac1 Nc4 14. b3 Ne5
15. Nxe5 dxe5 16. Be3 c6 17. Rfd1 Bb7 18. dxc6 Bxc6 19. Nd5 Bxd5 20. exd5 Qd7
21. Bc5 Rfe8 22. d6 Rac8 23. b4 e4 24. Qb3 h5 25. Rd5 Re6 26. Rcd1 Kh7 27. Re1
Rce8 28. Red1 f5 29. Bb6 f4 30. Qc2 e3 31. fxe3 fxe3 32. Qc7 1/2-1/2

[Event "NWFD Ch 2019 Men"]
[Site "St. Petersburg"]
[Date "2019.03.11"]
[Round "5.18"]
[White "Ananjev, Ilija"]
[Black "Bratus, Petr P"]
[Result "1/2-1/2"]
[WhiteElo "1755"]
[BlackElo "2097"]
[PlyCount "64"]
[EventDate "2019.03.07"]

1. d4 d5 2. Nf3 Nf6 3. Bf4 e6 4. e3 Bd6 5. Bg3 O-O 6. Bd3 c5 7. c3 Nc6 8. Nbd2
b6 9. Ne5 Bb7 10. f4 g6 11. Bh4 Be7 12. Qf3 Ne4 13. Bxe7 Nxd2 14. Bxd8 Nxf3+
15. gxf3 Raxd8 16. h4 h5 17. Nxc6 Bxc6 18. Kd2 a5 19. Rhg1 Kg7 20. f5 exf5 21.
Bxf5 Kf6 22. Bc2 Bd7 23. Rg5 Be6 24. Rf1 Rh8 25. e4 Ke7 26. e5 cxd4 27. cxd4
Rc8 28. Bd3 Rcg8 29. Rgg1 Rc8 30. Rg5 Rcg8 31. Rc1 Rc8 32. Rf1 Rcg8 1/2-1/2

[Event "NWFD Ch 2019 Men"]
[Site "St. Petersburg"]
[Date "2019.03.11"]
[Round "5.19"]
[White "Pozdeev, Dmitry"]
[Black "Balakin, Vadim"]
[Result "1/2-1/2"]
[WhiteElo "1370"]
[BlackElo "2072"]
[PlyCount "53"]
[EventDate "2019.03.07"]

1. e4 Nf6 2. e5 Nd5 3. d4 d6 4. Nf3 Bg4 5. Be2 e6 6. c4 Nb6 7. exd6 cxd6 8. Nc3
Be7 9. h3 Bh5 10. Be3 O-O 11. g4 Bg6 12. h4 d5 13. c5 N6d7 14. h5 Be4 15. Nxe4
dxe4 16. Nd2 Nf6 17. f3 Nd5 18. Bg1 Bh4+ 19. Kf1 e3 20. Nc4 Bg5 21. Qb3 Nc6 22.
Rd1 Qf6 23. Nxe3 Bxe3 24. Bxe3 Na5 25. Qd3 Rad8 26. Bf2 Nc6 27. Qe4 1/2-1/2

[Event "NWFD Ch 2019 Men"]
[Site "St. Petersburg"]
[Date "2019.03.11"]
[Round "5.20"]
[White "Ponikarovsky, Alexey"]
[Black "Shoshin, Kirill"]
[Result "1/2-1/2"]
[WhiteElo "1991"]
[BlackElo "1811"]
[PlyCount "40"]
[EventDate "2019.03.07"]

1. e4 e5 2. Nf3 Nf6 3. Nc3 Nc6 4. Bb5 d6 5. d4 exd4 6. Qxd4 Bd7 7. Bxc6 Bxc6 8.
Bg5 Be7 9. O-O-O h6 10. Bxf6 Bxf6 11. Qd3 Qd7 12. Nd4 O-O-O 13. Nxc6 Qxc6 14.
Nd5 Rhe8 15. Nxf6 gxf6 16. f3 Re5 17. Qb3 f5 18. exf5 Rxf5 19. Rhe1 Qb6 20.
Qxb6 axb6 1/2-1/2

[Event "NWFD Ch 2019 Men"]
[Site "St. Petersburg"]
[Date "2019.03.11"]
[Round "5.21"]
[White "Mikhailov, Stepan"]
[Black "Chuklin, Alexey"]
[Result "1/2-1/2"]
[WhiteElo "1958"]
[BlackElo "1875"]
[PlyCount "41"]
[EventDate "2019.03.07"]

1. e4 e6 2. Nf3 d5 3. exd5 exd5 4. d4 Bf5 5. Bd3 Bxd3 6. Qxd3 Nf6 7. Nc3 Bd6 8.
O-O O-O 9. Bg5 Be7 10. Rae1 h6 11. Bxf6 Bxf6 12. Ne5 Bxe5 13. Rxe5 c6 14. Rfe1
Nd7 15. R5e3 Nf6 16. h3 Qd7 17. a3 Rae8 18. Rxe8 Rxe8 19. Rxe8+ Qxe8 20. Qe3
Qxe3 21. fxe3 1/2-1/2

[Event "NWFD Ch 2019 Men"]
[Site "St. Petersburg"]
[Date "2019.03.11"]
[Round "5.22"]
[White "Starkov, Valery"]
[Black "Petrov, Alexandr"]
[Result "1-0"]
[WhiteElo "2048"]
[BlackElo "1793"]
[PlyCount "71"]
[EventDate "2019.03.07"]

1. d4 d6 2. e4 g6 3. Nc3 Bg7 4. Be3 Nd7 5. Qd2 e5 6. f3 Ne7 7. Bc4 Nc6 8. Nge2
exd4 9. Nxd4 Nde5 10. Be2 O-O 11. h4 h5 12. O-O-O Nxd4 13. Bxd4 Be6 14. Kb1 a6
15. Rdg1 b5 16. g4 b4 17. Nd5 c6 18. Nf4 Qf6 19. gxh5 c5 20. hxg6 cxd4 21. Nh5
Qe7 22. gxf7+ Rxf7 23. Qh6 Kf8 24. Nxg7 Rxg7 25. Rxg7 Qxg7 26. Qxe6 Rd8 27.
Bxa6 Qg2 28. Qf6+ Nf7 29. Rd1 Qf2 30. Bc4 Rd7 31. b3 Rc7 32. h5 Qe3 33. h6 Qxh6
34. Qxh6+ Nxh6 35. Rxd4 Ke7 36. Bd5 1-0

[Event "NWFD Ch 2019 Men"]
[Site "St. Petersburg"]
[Date "2019.03.11"]
[Round "5.23"]
[White "Poklonskiy, Nikolay"]
[Black "Andronov, Mikhail G"]
[Result "0-1"]
[WhiteElo "1757"]
[BlackElo "2187"]
[PlyCount "70"]
[EventDate "2019.03.07"]

1. d4 Nf6 2. c4 c5 3. Nf3 cxd4 4. Nxd4 b6 5. Nc3 Bb7 6. Bf4 d6 7. Bg3 a6 8. f3
e6 9. e4 Be7 10. Be2 Nbd7 11. O-O O-O 12. Nc2 Qc7 13. Ne3 Rac8 14. Rc1 Qb8 15.
Bf2 Bd8 16. Qc2 Bc7 17. Qb1 d5 18. cxd5 Bxh2+ 19. Kh1 Qf4 20. g4 Qh6 21. Kg2
Bf4 22. Rh1 Qg5 23. dxe6 fxe6 24. Bh4 Qg6 25. Ncd1 Nxg4 26. Nxg4 Rxc1 27. Qd3
Ne5 28. Qb3 h5 29. Nde3 Rxh1 30. Kxh1 hxg4 31. Nf5 Kh8 32. Qa3 Rc8 33. Ne7 Rc1+
34. Bf1 Rxf1+ 35. Kg2 gxf3+ 0-1

[Event "NWFD Ch 2019 Men"]
[Site "St. Petersburg"]
[Date "2019.03.11"]
[Round "5.24"]
[White "Schetchikov, Vladimir"]
[Black "Iurtsius, Sergei"]
[Result "0-1"]
[WhiteElo "1814"]
[BlackElo "1841"]
[PlyCount "100"]
[EventDate "2019.03.07"]

1. Nf3 d5 2. d4 e6 3. c4 Be7 4. g3 Nf6 5. Bg2 O-O 6. O-O c6 7. Qc2 Nbd7 8. cxd5
exd5 9. Nc3 Bd6 10. Bg5 h6 11. Bxf6 Nxf6 12. a3 a5 13. Na4 Re8 14. e3 Ne4 15.
Nd2 Bf5 16. Nxe4 Bxe4 17. Bxe4 Rxe4 18. Nc5 Bxc5 19. Qxc5 a4 20. Rfb1 Ra5 21.
Qc3 h5 22. b4 Rb5 23. f3 Re6 24. Rf1 Qe7 25. Rae1 b6 26. Qd3 h4 27. g4 Qd7 28.
Qc2 Qe8 29. Qxa4 Rxe3 30. Qd1 c5 31. Qd2 Re6 32. Rxe6 Qxe6 33. Re1 Qc6 34. Kg2
g6 35. Kh3 Qd6 36. Qh6 Qd8 37. f4 cxb4 38. a4 Ra5 39. f5 Qf8 40. Qxh4 Rxa4 41.
f6 b3 42. g5 b2 43. Qf2 Ra1 44. Qf1 Qa8 45. Rb1 Qc8+ 46. Kh4 Rxb1 47. Qxb1 Qc1
48. Qa2 b1=Q 49. Qa8+ Kh7 50. Qxd5 Qf4+ 0-1

[Event "NWFD Ch 2019 Men"]
[Site "St. Petersburg"]
[Date "2019.03.11"]
[Round "5.25"]
[White "Trushnikov, Viacheslav"]
[Black "Ivanov, Rodion"]
[Result "0-1"]
[WhiteElo "1734"]
[BlackElo "1941"]
[PlyCount "134"]
[EventDate "2019.03.07"]

1. f4 e5 2. fxe5 d6 3. Nf3 dxe5 4. e4 Nc6 5. Bc4 Bc5 6. d3 Qe7 7. Bg5 f6 8. Bh4
Be6 9. Bxe6 Qxe6 10. Nc3 Nge7 11. Qd2 Nd4 12. Bf2 Nec6 13. Nxd4 exd4 14. Nd5
O-O-O 15. O-O Ne5 16. b4 c6 17. bxc5 cxd5 18. Qa5 Nc6 19. exd5 Rxd5 20. Qa4 Qe7
21. Rab1 Qxc5 22. c4 Qa5 23. Qd1 Rd7 24. Qe2 Qe5 25. Qg4 h5 26. Qh3 g5 27. Rfe1
Qc7 28. Bg3 Qd8 29. Qe6 Ne5 30. Bxe5 fxe5 31. Rxe5 Kb8 32. Rbb5 Rf8 33. Rbd5
Rxd5 34. Rxd5 Qe8 35. Qxe8+ Rxe8 36. Rxd4 Re5 37. Re4 Ra5 38. Re2 Rf5 39. Rf2
Ra5 40. Kf1 Ra3 41. Rd2 Kc7 42. Ke2 Kd6 43. Ke3 Ke5 44. h3 h4 45. Rb2 b6 46.
Rd2 Rc3 47. Rb2 Ra3 48. Rc2 Ra5 49. d4+ Kd6 50. Ke4 Ra3 51. c5+ bxc5 52. dxc5+
Kc6 53. Kf5 Rg3 54. Ke4 g4 55. hxg4 Rxg4+ 56. Ke5 a5 57. Kf5 Rg3 58. Kf4 a4 59.
Ke5 Rg5+ 60. Kd4 Rd5+ 61. Ke4 Rxc5 62. Rb2 Rc3 63. Kf4 Rg3 64. Ke4 Kc5 65. Ke5
Kc4 66. Kf4 a3 67. Ke4 axb2 0-1